[Event "SVK-chT5 A22 2223"]
[Site "Slovakia"]
[Date "2023.03.18"]
[Round "9.4"]
[White "Szabo, Viktor"]
[Black "Calon, Jozef"]
[Result "1-0"]
[WhiteElo "1419"]
[BlackElo "1251"]
[PlyCount "120"]
[EventDate "2022.10.15"]
[EventType "team-tourn"]
[EventRounds "9"]
[EventCountry "SVK"]
[SourceTitle "EXT 2024"]
[Source "ChessBase"]
[SourceDate "2023.10.10"]
[SourceVersion "1"]
[SourceVersionDate "2023.10.10"]
[SourceQuality "1"]
[WhiteTeam "Topolniky Vrakun II"]
[BlackTeam "Pecenady"]
[WhiteTeamCountry "SVK"]
[BlackTeamCountry "SVK"]

1. e4 e5 2. Nf3 d6 3. Nc3 Be7 4. Bc4 Nf6 5. h3 0-0 6. 0-0 a6 7. a3 b5 8. Ba2 Bb7 9. d3 Nbd7 10. Be3 h6 11. Nh2 c5 12. b3 Nb6 13. Ng4 Nxg4 14. Qxg4 Bg5 15. f4 exf4 16. Bxf4 Bxf4 17. Qxf4 Nd7 18. Qxd6 Nf6 19. Qxd8 Rfxd8 20. Ne2 Re8 21. Ng3 Bc8 22. Rae1 Be6 23. Nf5 Bxf5 24. Rxf5 Rad8 25. Rxc5 Kh8 26. b4 Rf8 27. Rf1 Nd7 28. Rd5 f6 29. d4 Nb6 30. Rxd8 Rxd8 31. d5 Na4 32. Bb3 Nc3 33. Re1 Re8 34. d6 Rd8 35. Re3 Nd1 36. Rd3 Nb2 37. Rd4 g5 38. g4 Kg7 39. Be6 Na4 40. d7 Nb6 41. Rd6 Nc4 42. Rxa6 Ne5 43. Ra7 Kf8 44. Rc7 Ke7 45. Bf5 Nxd7 46. Kf2 Kd6 47. Rxd7+ Rxd7 48. Bxd7 Kxd7 49. Ke3 Kd6 50. Kd4 Kc6 51. c4 bxc4 52. Kxc4 Kb6 53. a4 Kc6 54. Kd4 Kd6 55. b5 Kc7 56. a5 Kd6 57. a6 Kc7 58. Kc5 Kb8 59. Kb6 Ka8 60. Kc7 Ka7 1-0

[Event "SVK-chT5 A22 2223"]
[Site "Slovakia"]
[Date "2023.01.21"]
[Round "5.4"]
[White "Calon, Jozef"]
[Black "Jancik, Ondrej"]
[Result "1/2-1/2"]
[WhiteElo "1251"]
[BlackElo "1517"]
[PlyCount "56"]
[EventDate "2022.10.15"]
[EventType "team-tourn"]
[EventRounds "9"]
[EventCountry "SVK"]
[SourceTitle "EXT 2024"]
[Source "ChessBase"]
[SourceDate "2023.10.10"]
[SourceVersion "1"]
[SourceVersionDate "2023.10.10"]
[SourceQuality "1"]
[WhiteTeam "Pecenady"]
[BlackTeam "Trnava Lokomotiva III"]
[WhiteTeamCountry "SVK"]
[BlackTeamCountry "SVK"]

1. d4 d5 2. e3 Nf6 3. c4 e6 4. c5 c6 5. Nf3 Nbd7 6. Be2 Qc7 7. 0-0 e5 8. dxe5 Nxe5 9. Nbd2 Bxc5 10. b3 0-0 11. Bb2 Re8 12. Bxe5 Rxe5 13. Nxe5 Qxe5 14. Nf3 Qe7 15. Qc2 Bd6 16. h3 Bd7 17. Nd4 g6 18. Nf3 Re8 19. Qc3 Ne4 20. Qc2 f5 21. Qd3 Nc5 22. Qd1 f4 23. Qd4 fxe3 24. fxe3 Qxe3+ 25. Qxe3 Rxe3 26. Rae1 Bg3 27. Rc1 Ne4 28. Rc2 c5 1/2-1/2